|
|
|
|
| LEADER |
01114nam a2200361 4500 |
| 001 |
DLU030024347 |
| 005 |
##20030801 |
| 040 |
# |
# |
|a DLU
|b vie
|
| 041 |
# |
# |
|a vie
|
| 044 |
# |
# |
|a vn
|
| 082 |
# |
# |
|a 570
|b NG-L
|
| 100 |
# |
# |
|a Nguyễn Thị Lang
|
| 245 |
# |
# |
|a Nghiên cứu ảnh hưởng quang chu kỳ đến sinh trưởng và phát triển của cây hoa cúc(Chrysanthemum SP.) tại vùng Đà Lạt /
|c Nguyễn Thị Lang
|
| 260 |
# |
# |
|a Đà Lạt :
|b Trường Đại học Đà Lạt,
|c 2000
|
| 300 |
# |
# |
|a 69 tr. ;
|c 29 cm
|
| 653 |
# |
# |
|a Đà Lạt
|
| 653 |
# |
# |
|a Cây hoa cúc
|
| 653 |
# |
# |
|a Chrysanthemum sp.
|
| 653 |
# |
# |
|a Photoperiod
|
| 653 |
# |
# |
|a Quang chu kỳ
|
| 653 |
# |
# |
|a Sinh trưởng
|
| 700 |
# |
# |
|e Cán bộ phản biện
|
| 700 |
# |
# |
|a Mai Xuân Lương
|c PGS.TS
|e Cán bộ hướng dẫn
|
| 901 |
# |
# |
|a /libol50/attach/doc/doc20070518MFBC.pdf
|
| 915 |
# |
# |
|a Sinh học
|c Thạc sĩ
|d Trường Đại học Đà Lạt
|
| 994 |
# |
# |
|a DLU
|
| 900 |
# |
# |
|a True
|
| 911 |
# |
# |
|a Nguyễn An Thanh
|
| 925 |
# |
# |
|a G
|
| 926 |
# |
# |
|a A
|
| 927 |
# |
# |
|a LA
|
| 980 |
# |
# |
|a Thư viện Trường Đại học Đà Lạt
|